| 000 | 01505ngm a22003370a 4500 | ||
|---|---|---|---|
| 001 | PT19063 | ||
| 003 | AR-LpoUNG | ||
| 005 | 20210202000255.0 | ||
| 007 | vd cvaizq | ||
| 008 | 191001s1983||||ag |||||||||||||||||eng d | ||
| 037 | _c$9,7 | ||
| 037 | _c$9.96 | ||
| 040 |
_aAR-LpoUNG _bspa _cAR-LpoUNG _eaacr |
||
| 041 |
_aeng _aspa |
||
| 044 | _aag | ||
| 082 | 0 | _a808.838 425bla | |
| 100 | 1 |
_aScott, Ridley _edir. |
|
| 245 | 1 | 0 | _aBlade Runner |
| 260 |
_aSan Luis : _bAVH, _c1983. |
||
| 300 | _aVHS (114 min.) : son., col. | ||
| 505 | 0 | _aDiálogos en inglés, subtítulos en castellano | |
| 520 | _alos Angeles, año 2020, la mayoría de la población se fue al espacio exterior dejando detrás solo los inadaptados, los decadentes sofisticados que son los unicos que pueblan el planeta. Hay cuatro personas que se oponen a esta sociedad extraña y abandonada, criaturas creadas en el laboratorio que practicamente no se pueden distinguir de los humanos -cuya misión es llevar a cabo pequeñas tareas en el espacio extraterrenal y a quienes les esta prohibido, bajo pena de destrucción, poner un pie en la tierra. estos opositores se han apoderado de una nave espacial matando su tripulación y se encuentran ahora en los Angeles, haciendo se pasar por humanos. | ||
| 650 | 4 | _aESTUDIOS FUTUROS | |
| 650 | 4 | _aSOCIEDAD | |
| 651 | 4 | _aEstados Unidos de América | |
| 653 | _aCIENCIA FICCION | ||
| 653 | _aVIDEOS | ||
| 700 | 1 |
_aDeeley, Michael _eprod. |
|
| 905 | _a19063 | ||
| 942 | _cVIDEO | ||
| 999 |
_c54505 _d54505 |
||